| 000 | 00878cam a2200241 4500 | ||
|---|---|---|---|
| 001 | ABS67235 | ||
| 008 | 031126n2003 000 0 eng u | ||
| 035 | _a(Sirsi) u124483 | ||
| 100 | _aJansen, M. | ||
| 245 | 2 | _aA fair share | |
| 260 | _c2003 | ||
| 490 |
_aProperty Week _v68(42) 24 October 2003, 40(1) |
||
| 520 | _aNew research by Cass Business School and sponsored by Donaldsons, reveals that occupiers that lease their property generate higher returns than those that own their premises. Considers some of the report's findings and comments from leading industry figures. | ||
| 590 | _aABS | ||
| 650 | _aOCCUPIERS | ||
| 650 | _aINVESTMENT RETURNS | ||
| 650 | _aPROPERTY OWNERSHIP | ||
| 650 | _aPROPERTY-COMMERCIAL PROPERTY | ||
| 650 | _aLEASING | ||
| 650 | _aMARKET VALUE | ||
| 690 | _aPROPERTY-COMMERCIAL PROPERTY-COMMERCIAL PROPERTY MARKET | ||
| 942 | _n0 | ||
| 999 |
_c73867 _d73867 |
||